000 00623nam a22002297a 4500
999 _c4229
_d4229
001 4229
003 BD-JhCC
005 20171125173724.0
008 171125b xxu||||| |||| 00| 0 eng d
035 _a(BD-JhCC)4229
040 _aBD-JhCC
_dBD-JhCC
041 _aeng
082 _a910.0071242
_bTEA 1935
245 _aThe Teaching of Geography in secondary Schools /
_cCambridge University
260 _aGreat Briitain
_bCambridge University
_c1935
300 _a395. :
_bill. ;
_c21 cm.
650 _aGeography
650 _aStudy and Teaching
710 _aCambridge University
942 _2ddc
_cBK